000 01892nam a22003617a 4500
005 20171005020002.0
008 140117b2014 ck |||||r||||o00| 0 spa d
020 _a9789589351956
041 0 _aspa
044 _ack
082 0 4 _a320.12
_bC76m3
245 0 0 _aMinería en Colombia :
_bdaños ecológicos y socio-económicos y consideraciones sobre un modelo minero alternativo /
_cLuis Jorge Garay ..[et al.]
260 _aBogotá :
_bContraloría General de la República,
_c2014.
300 _a491 p.
_bil.,
_c25 cm.
504 _aIncluye referencias bibliográficas e índice.
505 _aCap. 1 Una política integral minera desde la perspectiva de un sistema completo: hacia un modelo alternativo
505 _aCap. 2 Aportes a la conceptualización del daño ambiental y del pasivo ambiental por minería
505 _aCap. 3 Licencias ambientales : entre el deterioro grave y el daño ambiental.
505 _aCap. 4 Propiedad sobre el subsuelo y los recursos mineros : aportes comparativos para analizar el caso colombiano
505 _aCap. 5 Revisitando el debate sobre la renta minera y government take: el carbón a gran escala en Colombia
505 _aCap. 6 La distribución regional de la actividad agrícola, minera y no minera en Colombia 1975-2012
505 _aCap. 7 Normatividad penal y minera sin el cumplimiento de requisitos legales.
650 1 4 _aGeopolítica
_zColombia
_927880
650 2 4 _aTerritorio nacional
_zColombia
_927881
650 2 4 _aPolítica minera
_zColombia
_927882
650 2 4 _aEconomía política
_zColombia
_927883
650 2 4 _aDerecho minero
_xLegislación
_zColombia
_927884
650 2 4 _aImpacto ambiental
_zColombia
_927885
700 1 _aGaray-Salamanca, Luis Jorge
_eDir. Proyecto
_927886
700 1 _aPardo-Becerra, Luis Alvaro
_eed.
_926865
700 1 _aLópez-Camacho, René
_eed.
_9442
942 _2ddc
_cLIBRO
_04
999 _c8686
_d8686